| 000 | 00459nam a2200157Ia 4500 | ||
|---|---|---|---|
| 003 | Ost | ||
| 005 | 20260507075713.0 | ||
| 008 | 260507s9999||||xx |||||||||||||| ||und|| | ||
| 040 | _cfsecg | ||
| 041 | _aara | ||
| 100 |
_aدومنيك، سالفاتور _eمؤلف |
||
| 245 | 0 |
_aالاقتصاد الدولي / _c سالفاتور دومنيك |
|
| 260 |
_aالقاهرة: _bالدار الدولية, _c2001 |
||
| 300 | _a251 صفحة؛ | ||
| 942 | _cكتاب | ||
| 999 |
_c45907 _d45907 |
||